00309nam a2200133Ia 45000030006000000080041000060400015000471000028000622450041000902600009001313000006001405460012001460050017001580STCL150530s9999 xx 000 0 und d aSTCLcSTCL aRampal Singh;Bimla Devi aMahan Krantikari-Shaheed udham singh c2011 a0 aEnglish20220125171330.0